| 000 | 00800nam a2200277 i 4500 | ||
|---|---|---|---|
| 001 | 000046207 | ||
| 003 | DO-SdBNP | ||
| 005 | 20250205102010.0 | ||
| 007 | ta | ||
| 008 | 150706s1998 dr 000 0 spa d | ||
| 020 | _a1881715345 | ||
| 040 |
_aDO-SdBNP _bspa _cBNPHU _erda |
||
| 041 | _hspa | ||
| 082 | 4 |
_axxx _bR696d _222 |
|
| 100 | 1 |
_aRodríguez Soriano, René, _d1950- _eautor _4aut. _9232 |
|
| 245 | 1 | 3 |
_aEl diablo sabe por diablo / _cRené Rodríguez Soriano. |
| 264 | 4 |
_aSanto Domingo : _bGente _bIsla negra, _c1998. |
|
| 300 |
_a99 páginas ; _c21 cm. |
||
| 336 |
_atexto _btxt _2content |
||
| 337 |
_asin mediación _bn _2rdamedia |
||
| 338 |
_avolumen _bnc _2rdacarrier |
||
| 490 | 1 | _aEl rostro y la mascara | |
| 590 | _aInventariado, 2024/BT | ||
| 910 | _aBtavárez | ||
| 942 |
_2ddc _cLBS1 |
||
| 999 |
_c45696 _d45696 |
||